Xấp xỉ phân phối chuẩn đối với dãy biến ngẫu nhiên Unordered Martingale bằng phương pháp Stein

Trình bày một số lý thuyết xác suất. Trình bày những kiến thức cơ bản của phương pháp Stein. Trình bày những kiến thức cơ bản của bất đẳng thức Berry Essence. Trình bày những kiến thức của bất đẳng thức Berry Essence đối với dãy biến ngẫu nhiên unordered martingale....

Ful tanımlama

Kaydedildi:
Detaylı Bibliyografya
Yazar: Lê Trần Phương Thanh
Diğer Yazarlar: Lê Văn Dũng TS. (Hướng dẫn)
Materyal Türü: Kitap
Dil:Vietnamese
Baskı/Yayın Bilgisi: Đà Nẵng Đại học Đà Nẵng 2015
Konular:
Etiketler: Etiketle
Etiket eklenmemiş, İlk siz ekleyin!
Thư viện lưu trữ: Mạng thư viện Đại học Đà Nẵng
LEADER 01922nam a2200373 4500
001 000023319
003 19770
005 20151202091224.0
008 150921s2015 viesd
041 |a vie 
082 1 4 |a 519.236  |b LÊ-T 
100 1 |a Lê Trần Phương Thanh 
245 1 |a Xấp xỉ phân phối chuẩn đối với dãy biến ngẫu nhiên Unordered Martingale bằng phương pháp Stein  |c Lê Trần Phương Thanh ; Lê Văn Dũng hướng dẫn.  |k Luận văn Thạc sĩ 
260 |a Đà Nẵng  |b Đại học Đà Nẵng  |c 2015 
300 |a 42 tr., phụ lục 3 tr.  |c 29 cm.  |e Tóm tắt 
500 |a Luận văn thạc sĩ Khoa học. Chuyên ngành: Phương pháp toán sơ cấp. Mã số: 60.46.01.13 
520 3 |a Trình bày một số lý thuyết xác suất. Trình bày những kiến thức cơ bản của phương pháp Stein. Trình bày những kiến thức cơ bản của bất đẳng thức Berry Essence. Trình bày những kiến thức của bất đẳng thức Berry Essence đối với dãy biến ngẫu nhiên unordered martingale. 
650 0 4 |a Xác suất thống kê (toán học)  |x Phương pháp Stein 
653 |a Xác suất thống kê 
653 |a Phương pháp toán sơ cấp 
653 |a Dãy biến ngẫu nhiên Unordered Martingale 
653 |a Phương pháp Stein 
653 |a Xấp xỉ phối chuẩn 
700 1 |a Lê Văn Dũng  |c TS.  |e Hướng dẫn 
OWN |a LSP 
AVA |a UDN50  |b LSP  |d 519.236 LÊ-T  |e available  |t Error 5001 Not defined in file expand_doc_bib_avail.  |f 1  |g 0  |h N  |i 0  |k 1 
999 |a From the UDN01 
AVA |a UDN50  |b LSP  |d 519.236 LÊ-T  |e available  |t Error 5001 Not defined in file expand_doc_bib_avail.  |f 1  |g 0  |h N  |i 0  |k 1 
TYP |a Monograph 
TYP |a Printed language 
980 |a Mạng thư viện Đại học Đà Nẵng